[Event "LSS OP-2008-0-00706"]
[Site "LSS email"]
[Date "2008.12.29"]
[Round "?"]
[White "Orive, David"]
[Black "Kerekgyarto, Ference"]
[Result "0-1"]
[WhiteElo "800"]
[BlackElo "1477"]
[PlyCount "40"]
[EventDate "2008.12.26"]
[EventType "tourn (corr)"]
[EventRounds "4"]
[EventCountry "GER"]
[SourceTitle "Corr 2011"]
[Source "ChessBase"]
[SourceDate "2010.08.31"]
[SourceVersion "1"]
[SourceVersionDate "2010.08.31"]
[SourceQuality "1"]

1. e4 e5 2. Nf3 d6 3. d4 exd4 4. Nxd4 c5 5. Nf3 Nf6 6. Nc3 Nc6 7. Bc4 Be6 8. Bxe6 fxe6 9. e5 dxe5 10. 0-0 Be7 11. Qxd8+ Rxd8 12. Re1 e4 13. Nxe4 Nb4 14. Rb1 Nxc2 15. Nxf6+ Bxf6 16. Rf1 0-0 17. Bg5 Nd4 18. Nxd4 cxd4 19. Bxf6 Rxf6 20. Rbc1 Rf7 0-1